Managing soil quality: challenges in modern agriculture

Zapisane w:
Opis bibliograficzny
Główni autorzy: Schjonning, Per (Autor), Elmholt, Susanne (Autor), Christensen, Bent Tolstrup (Autor)
Format: Książka
Język:angielski
Wydane: Wallingford CABI 2004
Wydanie:1a. ed
Hasła przedmiotowe:
Etykiety: Dodaj etykietę
Nie ma etykietki, Dołącz pierwszą etykiete!

MARC

LEADER 00000nam a2200000 a 4500
001 UCJ0299
003 CL-VaPUC
008 060714e20040000UK |||||||||||||||||eng|d
020 |a 085199671X 
082 0 4 |a 631.4  |b SCH  |2 21 
100 0 |a Schjonning, Per  |e author  |9 500348 
700 0 |a Elmholt, Susanne  |e author  |9 500349 
700 0 |a Christensen, Bent Tolstrup  |e author  |9 500350 
245 1 0 |a Managing soil quality: challenges in modern agriculture 
250 |a 1a. ed 
300 |a 344 p 
942 |c BK 
945 |d 20060714 00:00:00  |a cmena 
260 |a Wallingford  |b CABI  |c 2004 
650 0 |a Suelos  |9 260322 
650 0 |a Calidad del suelo  |9 500351 
650 0 |a Biodiversidad   |9 385995 
650 0 |a Erosión del suelo  |9 361524 
583 |a last modification  |c 20130305 03:35:50  |k Rodrigo Vera 
999 |c 317165  |d 317163 
952 |0 0  |1 0  |4 0  |6 631_400000000000000_SCH_2004  |7 0  |8 A  |9 393158  |a BIBAGR  |b BIBAGR  |d 2019-11-22  |i 4256514  |l 1  |o 631.4 SCH 2004  |p 4256514  |r 2025-04-25  |s 2025-04-25  |w 2019-11-22  |y BK  |k AGR